00960nas a2200241Ia 4500001001100000003000900011008004100020040001300061040001300074041001300087100003800100210001000138222001000148245007700158250001100235260003100246501008600277300001100363310001200374362003500386500026000421650003700681R308/46423IT-RoPAU151124c99999999xx |||||||||||| ||und|| aIT-RoPAU cIT-RoPAU aITALIANO aAA.VV. gCodice Aut. SPICS: 12000 aLINUS aLinus aLINUS, ANNO 10-N.12 (DICEMBRE 1974)bLinus, Anno 10-N.12 (Dicembre 1974) a1a ed. aMILANObMILANO LIBRIc1974 bPaulus - SPICS - Società San Paolo EM (non-commercial uses only)cCopyright2015 a114 p. aMENSILE aANNO 010, N.12 (DICEMBRE 1974) aLucca Dieci, Ahi! di R. Carano. Peanuts di C. Schulz. Il Dottor Rigolo di Pericoli e Pirella. Doonesbury di G. Trudeau. Bristow di F. Dickens. Feiffer. Trino di Altan. Beetle Bailey di M. Walker. Cortomaltese di H. Pratt. Mixed Singles di Wm. Brown e M. C aFUMETTOvPUBBLICAZIONE PERIODICA